[Event "Mumbai SMCA op 1st"]
[Site "Mumbai"]
[Date "2024.10.12"]
[Round "2"]
[White "Patodekar, Samarth"]
[Black "Kulkarni, Saurabh P"]
[Result "1-0"]
[WhiteElo "1496"]
[BlackElo "1839"]
[PlyCount "175"]
[EventDate "2024.10.11"]
[EventType "swiss"]
[EventRounds "8"]
[EventCountry "IND"]
[SourceTitle "CB43_2024"]
[Source "Chessbase"]
[SourceDate "2024.10.23"]
[SourceVersion "1"]
[SourceVersionDate "2024.10.23"]
[SourceQuality "1"]

1. e4 c5 2. c3 e5 3. Bc4 Nc6 4. Nf3 Be7 5. d3 Nf6 6. Bg5 d6 7. h3 a6 8. a4 Be6 9. Nbd2 d5 10. Ba2 0-0 11. 0-0 h6 12. Bxf6 Bxf6 13. Re1 Re8 14. Qe2 Qd7 15. Nf1 g6 16. Ne3 Ne7 17. Bb3 Bg7 18. g4 Qc6 19. exd5 Nxd5 20. Bxd5 Bxd5 21. Nxd5 Qxd5 22. c4 Qd7 23. Nh2 Rad8 24. Ra3 f5 25. Nf1 e4 26. dxe4 Rxe4 27. Re3 Rde8 28. Qc2 Rxe3 29. Rxe3 fxg4 30. Qxg6 Rf8 31. hxg4 Qf7 32. Qxf7+ Rxf7 33. b3 Bd4 34. Re8+ Kg7 35. Ne3 Kg6 36. Kg2 Kg5 37. Kg3 Kf6 38. f4 Bxe3 39. Rxe3 Rd7 40. Kf3 Rd1 41. Kg2 Rd4 42. Kg3 Rd2 43. Kh4 Rf2 44. Kg3 Rd2 45. Kh4 Rd4 46. Kg3 Rd1 47. Kh4 Rg1 48. Rf3 Re1 49. Kg3 Rg1+ 50. Kh4 Rg2 51. Kh3 Rg1 52. Kh4 h5 53. gxh5 Kf5 54. h6 Rg4+ 55. Kh5 Rg2 56. Kh4 Rg4+ 57. Kh5 Rg2 58. Kh4 Rg4+ 59. Kh5 Rg2 60. Rh3 Kf6 61. Rh4 Rf2 62. h7 Kg7 63. Kg4 Kh8 64. f5 Rg2+ 65. Kf4 Re2 66. f6 Rf2+ 67. Ke5 Re2+ 68. Kd6 Rf2 69. Ke5 Re2+ 70. Re4 Rf2 71. Rh4 Re2+ 72. Kd5 Rf2 73. Rh6 Rf3 74. Kxc5 Rxb3 75. f7 Rf3 76. Kb6 Rxf7 77. c5 Re7 78. c6 bxc6 79. Rxc6 Re4 80. a5 Kxh7 81. Kxa6 Kg7 82. Kb7 Kf7 83. a6 Rb4+ 84. Rb6 Rd4 85. a7 Rd7+ 86. Ka6 Rd8 87. Rb8 Rd6+ 88. Kb5 1-0